000 00397nam a2200157Ia 4500
008 240729s9999 xx 000 0 und d
022 _a2667-2588
245 0 _aIPEM-Translation
260 _aUnited Kingdom
260 _bElsevier
650 _a Medicine (General)
650 _aMedicine
856 _uhttps://doaj.org/toc/8303054530b54a639f276402f32b3a92
942 _2ddc
942 _cDOAJEJ
999 _c72345
_d72345
945 _a1
_bMadushi Gamage
_c1
_dMadushi Gamage